[Event "XVII Torneo Internacional de Ajedrez "]
[Site "Albacete - ESPAÑA"]
[Date "2009.09.02"]
[Round "3.20"]
[White "Ontanon Gomez, Jesus"]
[Black "Serna Lara, Sergio"]
[Result "0-1"]
[WhiteElo "1831"]
[BlackElo "2244"]
[PlyCount "108"]
[EventDate "2009.09.01"]

1. e4 d6 2. d4 Nf6 3. Nc3 c6 4. Nf3 Bg4 5. Be2 e6 6. Be3 d5 7. exd5 Bxf3 8.
Bxf3 cxd5 9. O-O Nc6 10. Re1 Bb4 11. a3 Be7 12. Bf4 O-O 13. Qd2 Na5 14. Be2 Rc8
15. Rad1 a6 16. h3 Nc4 17. Bxc4 Rxc4 18. Be5 Nd7 19. Bg3 Bf6 20. Ne2 b5 21. c3
Nb6 22. Nc1 Rc8 23. Nd3 Nc4 24. Qe2 Be7 25. Ne5 Bd6 26. Nxc4 Rxc4 27. Bxd6 Qxd6
28. Qe5 Qxe5 29. Rxe5 a5 30. Re3 Rfc8 31. Rdd3 h5 32. h4 g6 33. f4 Kg7 34. Kf2
b4 35. axb4 axb4 36. Kf3 Kf6 37. g3 Rd8 38. Rd2 Rc7 39. Rdd3 Ra7 40. Rd2 Ra1
41. Ree2 Rf1+ 42. Kg2 Rb1 43. Kf3 Ke7 44. Ke3 Rc8 45. Rc2 Rc4 46. Kd3 Kf6 47.
Re3 Rd1+ 48. Ke2 Rdxd4 49. Kf3 Rd1 50. Ke2 Rg1 51. Kf2 Rh1 52. Kg2 Rd1 53. Kf3
d4 54. Re4 bxc3 0-1

[Event "XVII Torneo Internacional de Ajedrez "]
[Site "Albacete - ESPAÑA"]
[Date "2009.09.03"]
[Round "4.1"]
[White "Pogorelov, Ruslan"]
[Black "Gomez Garrido, Camilo"]
[Result "1/2-1/2"]
[WhiteElo "2477"]
[BlackElo "2473"]
[PlyCount "86"]
[EventDate "2009.09.01"]

1. Nf3 d5 2. d4 c6 3. c4 Nf6 4. Qb3 dxc4 5. Qxc4 Bf5 6. Nc3 e6 7. g3 Nbd7 8.
Bg2 Be7 9. O-O O-O 10. Re1 Bg6 11. Qb3 Qb6 12. e4 Qxb3 13. axb3 Bb4 14. e5 Nd5
15. Bd2 N7b6 16. Rec1 Rfd8 17. Nh4 Ne7 18. Be3 Nf5 19. Nxf5 Bxf5 20. h3 a6 21.
g4 Bg6 22. Bf3 h6 23. Kg2 Rac8 24. h4 Nd5 25. Nxd5 cxd5 26. Bd1 Be4+ 27. f3 Bd3
28. Kf2 Kf8 29. h5 Ke7 30. Rxc8 Rxc8 31. Rc1 Rc6 32. g5 hxg5 33. Bxg5+ Kd7 34.
Rxc6 bxc6 35. Ke3 Bf5 36. Be2 a5 37. Bd3 Bxd3 38. Kxd3 c5 39. dxc5 Bxc5 40. Bd2
Bb4 41. Bxb4 axb4 42. Kd4 Kc6 43. Kd3 Kc5 1/2-1/2

[Event "XVII Torneo Internacional de Ajedrez "]
[Site "Albacete - ESPAÑA"]
[Date "2009.09.03"]
[Round "4.2"]
[White "Guerra Mendez, Jose Angel"]
[Black "Ortiz Suarez, Isan Reynaldo"]
[Result "1/2-1/2"]
[WhiteElo "2438"]
[BlackElo "2517"]
[PlyCount "79"]
[EventDate "2009.09.01"]

1. e4 c5 2. Nf3 d6 3. Bc4 Nf6 4. e5 dxe5 5. Nxe5 e6 6. Qe2 Be7 7. b3 O-O 8. Bb2
Nd5 9. a3 Bf6 10. O-O Qc7 11. Re1 Nc6 12. Bxd5 exd5 13. Nxc6 Qxc6 14. Bxf6 Qxf6
15. Qe5 Qc6 16. Nc3 Be6 17. Ne2 Rfe8 18. Ng3 Bd7 19. Qf4 d4 20. d3 Qd5 21. a4
a5 22. Qd2 b6 23. Rxe8+ Rxe8 24. Re1 Re5 25. f3 Qe6 26. Kf2 Rxe1 27. Qxe1 Qxe1+
28. Kxe1 Kf8 29. Ne4 Ke7 30. Nd2 Be6 31. Nc4 Bxc4 32. bxc4 Kf6 33. Kf2 Kf5 34.
g3 g5 35. Ke2 h5 36. Kf2 Ke5 37. Ke2 f5 38. Kf2 f4 39. g4 h4 40. h3 1/2-1/2

[Event "XVII Torneo Internacional de Ajedrez "]
[Site "Albacete - ESPAÑA"]
[Date "2009.09.03"]
[Round "4.3"]
[White "Marholev, Dimitar"]
[Black "Hernandez Carmenates, Holden"]
[Result "1/2-1/2"]
[WhiteElo "2413"]
[BlackElo "2561"]
[PlyCount "76"]
[EventDate "2009.09.01"]

1. Nf3 Nf6 2. g3 b6 3. Bg2 Bb7 4. O-O g6 5. b3 Bg7 6. Bb2 O-O 7. c4 c5 8. Nc3
d5 9. Nxd5 Nxd5 10. Bxg7 Kxg7 11. cxd5 Qxd5 12. d4 Na6 13. dxc5 Nxc5 14. Qxd5
Bxd5 15. Rfd1 Rfd8 16. Nd2 Bxg2 17. Kxg2 Kf6 18. Kf3 Rd4 19. e3 Rdd8 20. Rac1
Ke6 21. Ke2 Rac8 22. f3 f5 23. Nc4 Rxd1 24. Kxd1 Nd3 25. Rc2 Nb4 26. Rd2 b5 27.
Na3 a6 28. Nc2 Nd5 29. Ke2 Rc3 30. Kf2 Ke5 31. Nd4 Rc1 32. f4+ Kd6 33. Ne2 Rh1
34. Kg2 Ra1 35. Nc3 e6 36. e4 fxe4 37. Nxe4+ Ke7 38. Nc5 Rc1 1/2-1/2

[Event "XVII Torneo Internacional de Ajedrez "]
[Site "Albacete - ESPAÑA"]
[Date "2009.09.03"]
[Round "4.4"]
[White "Rivas Pastor, Manuel"]
[Black "Picazo Lopez, Juan Antonio"]
[Result "1/2-1/2"]
[WhiteElo "2529"]
[BlackElo "2244"]
[PlyCount "62"]
[EventDate "2009.09.01"]

1. e4 d5 2. exd5 Nf6 3. d4 Nxd5 4. Nf3 g6 5. c4 Nb6 6. h3 Bg7 7. Nc3 O-O 8. Be3
Nc6 9. Be2 e5 10. d5 Ne7 11. O-O Nf5 12. Bg5 f6 13. Bd2 Re8 14. Ne4 Nd4 15.
Nxd4 exd4 16. Ng3 a5 17. Re1 c5 18. dxc6 bxc6 19. c5 Nd7 20. Ne4 Bf8 21. Nd6
Bxd6 22. cxd6 Ne5 23. f4 Nf7 24. Bc4 Rxe1+ 25. Qxe1 Ba6 26. Bxa5 Qxd6 27. Bxa6
Rxa6 28. Bd2 c5 29. Qe8+ Kg7 30. Re1 Qd5 31. a3 Rb6 1/2-1/2

[Event "XVII Torneo Internacional de Ajedrez "]
[Site "Albacete - ESPAÑA"]
[Date "2009.09.03"]
[Round "4.6"]
[White "Gomez Ledo, Roberto Carlos"]
[Black "Kovacevic, Slobodan"]
[Result "1/2-1/2"]
[WhiteElo "2423"]
[BlackElo "2380"]
[PlyCount "82"]
[EventDate "2009.09.01"]

1. d4 Nf6 2. Bg5 e6 3. e4 h6 4. Bxf6 Qxf6 5. Nc3 Bb4 6. a3 Bxc3+ 7. bxc3 d6 8.
Bd3 e5 9. Ne2 O-O 10. O-O Nc6 11. Bc4 Na5 12. Qd3 Qe7 13. Ng3 Nxc4 14. Qxc4 Be6
15. d5 Bc8 16. f4 f6 17. f5 Qd8 18. Rf3 Bd7 19. Nf1 a5 20. Ne3 Ra6 21. Rb1 Rb6
22. Rb3 Kh7 23. Rf1 Qb8 24. Kf2 Rc8 25. Rfb1 Qa7 26. Kf3 Rxb3 27. Qxb3 b5 28.
c4 Rb8 29. cxb5 Rxb5 30. Qa2 Qc5 31. Rxb5 Bxb5 32. Qb3 a4 33. Qb2 Kh8 34. c3
Bd3 35. Qb4 Qa7 36. g4 Kg8 37. h4 Kh7 38. Qb2 Qc5 39. Qb4 Qa7 40. Qb2 Qc5 41.
Qb4 Qa7 1/2-1/2

[Event "XVII Torneo Internacional de Ajedrez "]
[Site "Albacete - ESPAÑA"]
[Date "2009.09.03"]
[Round "4.7"]
[White "Mirzoev, Azer"]
[Black "Fernandez Barrera, Victor"]
[Result "1-0"]
[WhiteElo "2584"]
[BlackElo "2302"]
[PlyCount "119"]
[EventDate "2009.09.01"]

1. Nf3 Nf6 2. c4 g6 3. Nc3 d5 4. cxd5 Nxd5 5. Qb3 Nb6 6. d4 Bg7 7. Bg5 O-O 8.
e3 Nc6 9. Rd1 a5 10. a3 a4 11. Qa2 Bf5 12. Be2 Bc2 13. Rc1 Bb3 14. Qb1 f5 15.
Bf4 Ra5 16. O-O e5 17. dxe5 Nxe5 18. Bxe5 Bxe5 19. Nb5 Bd6 20. Nfd4 Bd5 21.
Nxd6 Qxd6 22. Rfd1 c6 23. Qc2 Qe7 24. Qc3 Raa8 25. Bf3 Rfd8 26. h3 Bxf3 27.
Nxf3 Nd5 28. Qc4 Kg7 29. Rd2 Qf6 30. Rcd1 Re8 31. Rd4 Re7 32. Ne1 b5 33. Qc5
Rae8 34. Rc1 f4 35. Qxc6 fxe3 36. Qxf6+ Nxf6 37. f3 Re5 38. Kf1 Nh5 39. Nd3 e2+
40. Kf2 Re3 41. Ne1 Rb3 42. Rc7+ Kg8 43. Rc2 g5 44. h4 gxh4 45. Rxh4 Nf6 46.
Rd4 Kf7 47. Rd3 Rxd3 48. Nxd3 Nd5 49. Rxe2 Rc8 50. Re5 Rc2+ 51. Kg3 Nc7 52. Rc5
Rxc5 53. Nxc5 Kf6 54. Kf4 h5 55. Ne4+ Ke6 56. Nc3 Kf6 57. g3 Ne6+ 58. Ke3 Nc7
59. Ke4 Ke6 60. f4 1-0

[Event "XVII Torneo Internacional de Ajedrez "]
[Site "Albacete - ESPAÑA"]
[Date "2009.09.03"]
[Round "4.8"]
[White "Korneev, Oleg"]
[Black "Serna Lara, Sergio"]
[Result "1/2-1/2"]
[WhiteElo "2554"]
[BlackElo "2244"]
[PlyCount "79"]
[EventDate "2009.09.01"]

1. e4 e6 2. d4 d5 3. Nd2 Be7 4. Bd3 Nc6 5. Ngf3 Nb4 6. Be2 dxe4 7. Nxe4 Nf6 8.
Nxf6+ Bxf6 9. O-O O-O 10. c3 Nd5 11. Bd3 b6 12. Qe2 Rb8 13. Qe4 g6 14. Bh6 Bg7
15. Bg5 Bf6 16. Qh4 h5 17. Rad1 Bxg5 18. Nxg5 Qf6 19. Qg3 Qf4 20. Nf3 Qxg3 21.
hxg3 Bb7 22. Ne5 Rfd8 23. Be2 Ne7 24. Bf3 Bxf3 25. gxf3 c5 26. dxc5 bxc5 27. b3
Kg7 28. c4 Rbc8 29. g4 hxg4 30. fxg4 g5 31. f3 Ng6 32. Nxg6 Kxg6 33. Kf2 Kf6
34. Ke3 Ke7 35. Rxd8 Rxd8 36. Rh1 Kf6 37. Rh6+ Kg7 38. Rh5 f6 39. f4 gxf4+ 40.
Kxf4 1/2-1/2

[Event "XVII Torneo Internacional de Ajedrez "]
[Site "Albacete - ESPAÑA"]
[Date "2009.09.03"]
[Round "4.9"]
[White "Villasenor Rubio, Emilio Jose"]
[Black "Alvarez Pedraza, Aramis"]
[Result "1/2-1/2"]
[WhiteElo "1963"]
[BlackElo "2479"]
[PlyCount "73"]
[EventDate "2009.09.01"]

1. e4 c5 2. Nf3 e6 3. d4 cxd4 4. Nxd4 a6 5. Nb3 d6 6. Nc3 b5 7. Be3 Bb7 8. f3
Nf6 9. Qd2 Nc6 10. O-O-O Be7 11. g4 Rc8 12. g5 Nd7 13. h4 Nce5 14. Qf2 O-O 15.
Rg1 b4 16. Na4 f5 17. gxf6 Rxf6 18. Qg3 Rg6 19. Qh3 Qc7 20. Nd4 Nf8 21. Rxg6
hxg6 22. Rd2 Bf6 23. b3 Qf7 24. f4 Ned7 25. f5 gxf5 26. exf5 e5 27. Ne6 d5 28.
Nac5 Nxc5 29. Bxc5 Be7 30. Bxe7 Qxe7 31. Rg2 Nxe6 32. fxe6 Rf8 33. Rg5 Qf6 34.
Be2 e4 35. Kb1 Re8 36. Bg4 d4 37. Rf5 1/2-1/2

[Event "XVII Torneo Internacional de Ajedrez "]
[Site "Albacete - ESPAÑA"]
[Date "2009.09.03"]
[Round "4.10"]
[White "Pozo Vera, Sandro"]
[Black "Garcia Lopez, Luis Manuel"]
[Result "1-0"]
[WhiteElo "2464"]
[BlackElo "2105"]
[PlyCount "37"]
[EventDate "2009.09.01"]

1. d4 d5 2. Nf3 c6 3. c4 e6 4. Nc3 f5 5. g3 Nf6 6. Bg2 Bd6 7. O-O O-O 8. Qc2
Ne4 9. e3 Nd7 10. Ne2 dxc4 11. Qxc4 Nb6 12. Qc2 Qf6 13. Ne1 e5 14. f3 Nxg3 15.
hxg3 Qg6 16. dxe5 Bxe5 17. Kf2 Nd5 18. f4 Bb8 19. Bxd5+ 1-0

[Event "XVII Torneo Internacional de Ajedrez "]
[Site "Albacete - ESPAÑA"]
[Date "2009.09.03"]
[Round "4.11"]
[White "Fernandez Cardoso, Alexey"]
[Black "Picazo Lopez, Ignacio"]
[Result "1-0"]
[WhiteElo "2413"]
[BlackElo "1993"]
[PlyCount "55"]
[EventDate "2009.09.01"]

1. e4 d5 2. exd5 Nf6 3. d4 Nxd5 4. c4 Nb6 5. Nc3 g6 6. Be3 Bg7 7. Qd2 Nc6 8.
O-O-O O-O 9. h4 e5 10. d5 Ne7 11. h5 Nf5 12. hxg6 hxg6 13. Bc5 Re8 14. g4 Nd6
15. f3 Nbxc4 16. Bxc4 Nxc4 17. Qh2 f5 18. gxf5 Qg5+ 19. Kb1 Bxf5+ 20. Ne4 Qf4
21. Qe2 Nd6 22. Bxd6 cxd6 23. Nh3 Bxh3 24. Rxh3 Qf5 25. Rg3 Bh6 26. Rdg1 Kh7
27. Rxg6 Rg8 28. Rxh6+ 1-0

[Event "XVII Torneo Internacional de Ajedrez "]
[Site "Albacete - ESPAÑA"]
[Date "2009.09.03"]
[Round "4.12"]
[White "Alcoz Coll, Luis"]
[Black "Hoffman, Alejandro"]
[Result "0-1"]
[WhiteElo "1677"]
[BlackElo "2408"]
[PlyCount "76"]
[EventDate "2009.09.01"]

1. e4 c5 2. Nf3 g6 3. d4 Bg7 4. c3 cxd4 5. Bc4 d6 6. O-O Nf6 7. Qe2 d3 8. Bxd3
Nc6 9. h3 O-O 10. Rd1 Qc7 11. Be3 a6 12. a4 b6 13. Nbd2 Nd7 14. Nc4 Bb7 15. Bc2
b5 16. Ncd2 b4 17. Qc4 bxc3 18. bxc3 Rfc8 19. Bb3 e6 20. Rac1 Na5 21. Qxc7 Rxc7
22. Nd4 Rac8 23. Ba2 Nc5 24. f3 Nxa4 25. c4 Nb2 26. Rf1 Nbxc4 27. Nxc4 Nxc4 28.
Bf2 d5 29. exd5 Bxd5 30. Bxc4 Rxc4 31. Rxc4 Rxc4 32. Ne2 a5 33. Rb1 Be5 34. f4
Bf6 35. g4 h6 36. Be3 a4 37. Bc1 Rc2 38. Kf1 Bc4 0-1

[Event "XVII Torneo Internacional de Ajedrez "]
[Site "Albacete - ESPAÑA"]
[Date "2009.09.03"]
[Round "4.13"]
[White "Espinosa Aranda, Angel"]
[Black "Bernabe Monteagudo, Francesc *"]
[Result "1-0"]
[WhiteElo "2356"]
[BlackElo "1973"]
[PlyCount "37"]
[EventDate "2009.09.01"]

1. e4 c5 2. Nf3 Nc6 3. Nc3 d6 4. d4 cxd4 5. Nxd4 Nf6 6. Bg5 e5 7. Bxf6 gxf6 8.
Nf5 Be6 9. Qh5 Rc8 10. O-O-O Bxf5 11. exf5 Nd4 12. Rxd4 exd4 13. Bb5+ Rc6 14.
Re1+ Kd7 15. Qxf7+ Kc8 16. Bxc6 Bh6+ 17. Kb1 bxc6 18. Qxa7 Be3 19. Na4 1-0

[Event "XVII Torneo Internacional de Ajedrez "]
[Site "Albacete - ESPAÑA"]
[Date "2009.09.03"]
[Round "4.14"]
[White "Cano Sanchez, Josue"]
[Black "Madurga Lopez, Ignacio"]
[Result "1-0"]
[WhiteElo "2308"]
[BlackElo "1821"]
[PlyCount "41"]
[EventDate "2009.09.01"]

1. d4 Nf6 2. Nf3 c5 3. c3 b6 4. dxc5 bxc5 5. e4 d6 6. e5 dxe5 7. Qxd8+ Kxd8 8.
Nxe5 Be6 9. Be2 Nbd7 10. Bf3 Rc8 11. Nc6+ Kc7 12. Nxa7 Re8 13. Nb5+ Kb6 14. Be2
Bd5 15. O-O c4 16. N5a3 Rc8 17. Nd2 Ne5 18. f4 Nd3 19. Ndxc4+ Bxc4 20. Nxc4+
Rxc4 21. Bxd3 1-0

[Event "XVII Torneo Internacional de Ajedrez "]
[Site "Albacete - ESPAÑA"]
[Date "2009.09.03"]
[Round "4.15"]
[White "Jimenez Martinez, Jose Vicente"]
[Black "Khamrakulov, Ibragim S"]
[Result "1/2-1/2"]
[WhiteElo "2241"]
[BlackElo "2554"]
[PlyCount "160"]
[EventDate "2009.09.01"]

1. d4 Nf6 2. c4 g6 3. Nc3 d5 4. cxd5 Nxd5 5. e4 Nxc3 6. bxc3 Bg7 7. Be3 c5 8.
Qd2 O-O 9. Rc1 Nd7 10. Bd3 e5 11. d5 f5 12. Bg5 Qe8 13. f3 f4 14. g4 Nb6 15. c4
Bd7 16. Rb1 Rf7 17. Qa5 Qc8 18. h3 Qc7 19. Ne2 Nxd5 20. Qxc7 Nxc7 21. Rxb7 Bc6
22. Rb3 Rd7 23. Kd2 Ne6 24. Bh4 Bf8 25. Rhb1 Bd6 26. Ra3 a5 27. Rb6 Rc7 28. Nc3
Nd4 29. Be2 Rb7 30. Rxb7 Bxb7 31. Bf2 Bc6 32. Nb5 Be7 33. Nc7 Rb8 34. Bxd4 cxd4
35. Rb3 Rc8 36. Nd5 Bc5 37. Bd3 Kf7 38. Rb1 h5 39. Be2 hxg4 40. hxg4 Rh8 41.
Kd3 Ke6 42. Rb2 Kd6 43. Rb1 a4 44. Rb2 a3 45. Rb1 Bd7 46. Kd2 Rh2 47. Kd3 Ba4
48. Rc1 Kc6 49. Kd2 Bf8 50. Rb1 Bc2 51. Rb6+ Kd7 52. Kxc2 Rxe2+ 53. Kd3 Rxa2
54. Rb7+ Kc8 55. Rf7 Bd6 56. c5 Bxc5 57. Rc7+ Kd8 58. Rxc5 Ra1 59. Nb4 Rb1 60.
Nc6+ Kc7 61. Nxe5+ Kd6 62. Ra5 a2 63. Rxa2 Kxe5 64. Ra5+ Ke6 65. Kxd4 Rd1+ 66.
Kc4 Rf1 67. Ra6+ Ke5 68. Ra5+ Ke6 69. Ra3 Ke5 70. Rb3 g5 71. Rb5+ Ke6 72. Rb6+
Ke5 73. Rb5+ Ke6 74. Rxg5 Rxf3 75. Rf5 Rg3 76. Rxf4 Ke5 77. Rf8 Kxe4 78. Rg8
Kf4 79. Kd4 Rxg4 80. Rxg4+ Kxg4 1/2-1/2

[Event "XVII Torneo Internacional de Ajedrez "]
[Site "Albacete - ESPAÑA"]
[Date "2009.09.03"]
[Round "4.16"]
[White "Martinez Lozano, Miguel Angel"]
[Black "Suba, Mihai"]
[Result "0-1"]
[WhiteElo "2229"]
[BlackElo "2501"]
[PlyCount "60"]
[EventDate "2009.09.01"]

1. e4 c5 2. d3 Nc6 3. f4 d5 4. Nd2 Nf6 5. Ngf3 Bg4 6. e5 Ng8 7. h3 Bxf3 8. Nxf3
e6 9. g3 Nge7 10. Be3 Nf5 11. Bf2 Be7 12. Bg2 h5 13. O-O Qc7 14. c3 g5 15. fxg5
Nxe5 16. Nxe5 Qxe5 17. Qa4+ Kf8 18. Rae1 Qc7 19. g6 Rh6 20. gxf7 Nxg3 21. Be3
Rg6 22. Rf3 Nf5 23. Bf4 Qc6 24. Qc2 Kxf7 25. Qe2 Rag8 26. Bg3 Bf6 27. Rxf5 exf5
28. Qxh5 Kf8 29. Qxf5 Rxg3 30. Re6 Rxg2+ 0-1

[Event "XVII Torneo Internacional de Ajedrez "]
[Site "Albacete - ESPAÑA"]
[Date "2009.09.03"]
[Round "4.17"]
[White "Krug Cortegoso, Rodolfo Martin"]
[Black "Spassov, Liuben"]
[Result "0-1"]
[WhiteElo "2117"]
[BlackElo "2434"]
[PlyCount "107"]
[EventDate "2009.09.01"]

1. Nf3 Nf6 2. c4 e6 3. g3 d5 4. d4 Bb4+ 5. Nbd2 dxc4 6. Bg2 a5 7. O-O b5 8. a4
c6 9. Qc2 Ra6 10. Ne4 Nxe4 11. Qxe4 Nd7 12. Qg4 O-O 13. Bg5 Be7 14. Bh6 Bf6 15.
Rad1 Kh8 16. Bf4 Be7 17. Ne5 Nxe5 18. dxe5 Qe8 19. Rd4 f5 20. Qh3 c5 21. Rdd1
bxa4 22. g4 Rb6 23. Bc1 Rb3 24. e3 Qg6 25. gxf5 exf5 26. f4 c3 27. bxc3 a3 28.
Rf2 c4 29. Kh1 Be6 30. Rg1 Qf7 31. Bf3 Bd5 32. Rfg2 Bxf3 33. Qxf3 Rb1 34. Qc6
Rg8 35. Qa4 Qd5 36. Bxa3 Rxg1+ 37. Kxg1 Bd8 38. Qc2 Bb6 39. Bc1 Qf3 40. Qe2
Qxf4 41. Rf2 Qe4 42. Qf3 Qxf3 43. Rxf3 g6 44. Kf2 Kg7 45. Rf4 Rc8 46. Ba3 Bc5
47. Bxc5 Rxc5 48. Rd4 Rc7 49. e4 Kf7 50. exf5 gxf5 51. Ke3 a4 52. Kf4 a3 53.
Rd2 Ra7 54. Ra2 0-1

[Event "XVII Torneo Internacional de Ajedrez "]
[Site "Albacete - ESPAÑA"]
[Date "2009.09.03"]
[Round "4.18"]
[White "Smith, David J"]
[Black "Fenollar Jorda, Manuel"]
[Result "0-1"]
[WhiteElo "1828"]
[BlackElo "2311"]
[PlyCount "56"]
[EventDate "2009.09.01"]

1. c4 c6 2. g3 d5 3. Bg2 Nf6 4. Nf3 Bg4 5. cxd5 cxd5 6. Ne5 Bc8 7. d4 e6 8. Nc3
Nc6 9. O-O Be7 10. Bf4 O-O 11. Rc1 Bd7 12. a3 Be8 13. Qd2 Na5 14. Rcd1 Rc8 15.
b4 Nc4 16. Nxc4 Rxc4 17. e4 a5 18. bxa5 Bxa3 19. e5 Nd7 20. Nxd5 exd5 21. Bxd5
Rb4 22. Rb1 Qxa5 23. Bxb7 Qb6 24. Rxb4 Bxb4 25. Qb2 Qxb7 26. Rb1 Qf3 27. Qxb4
Nb8 28. e6 fxe6 0-1

[Event "XVII Torneo Internacional de Ajedrez "]
[Site "Albacete - ESPAÑA"]
[Date "2009.09.03"]
[Round "4.19"]
[White "Garcia Magadan, Ramon *"]
[Black "Path, David"]
[Result "1/2-1/2"]
[WhiteElo "2019"]
[BlackElo "2068"]
[PlyCount "56"]
[EventDate "2009.09.01"]

1. e4 c5 2. Nf3 e6 3. d4 cxd4 4. Nxd4 Nc6 5. Nc3 Qc7 6. Be3 a6 7. Qd2 Nf6 8. f3
Ne5 9. Nb3 b5 10. Qf2 Rb8 11. O-O-O Nc4 12. g4 Nxe3 13. Qxe3 Bd6 14. Kb1 Bf4
15. Qg1 Qb6 16. Nd4 Bb7 17. Nde2 Bc7 18. Ng3 h6 19. Qe3 e5 20. Nf5 Qxe3 21.
Nxe3 g6 22. Ned5 Bxd5 23. exd5 Bb6 24. Ne4 Nxe4 25. fxe4 d6 26. Rd3 Bc5 27. Rf3
h5 28. Bh3 hxg4 1/2-1/2

[Event "XVII Torneo Internacional de Ajedrez "]
[Site "Albacete - ESPAÑA"]
[Date "2009.09.03"]
[Round "4.20"]
[White "Diaz Rios, Ignacio Jose"]
[Black "Lara Granero, Bio"]
[Result "0-1"]
[WhiteElo "1847"]
[BlackElo "2035"]
[PlyCount "160"]
[EventDate "2009.09.01"]

1. e4 c5 2. Nf3 Nc6 3. d4 cxd4 4. Nxd4 e5 5. Nb5 d6 6. c4 a6 7. N5c3 Nf6 8. Bg5
Be7 9. Bxf6 Bxf6 10. Be2 O-O 11. Nd5 Bg5 12. Nbc3 f5 13. O-O Nd4 14. b4 Be6 15.
f3 Rc8 16. Na4 Bxd5 17. exd5 b5 18. Nb2 Qb6 19. Kh1 bxc4 20. Nxc4 Qxb4 21. Rb1
Qc5 22. Nb6 Rc7 23. Bxa6 Qa5 24. Bd3 Qxa2 25. Ra1 Qb3 26. Qxb3 Nxb3 27. Ra3 Nc5
28. Be2 Rb8 29. Nc4 Be7 30. Rfa1 Rcb7 31. h3 e4 32. fxe4 Nxe4 33. Bf3 Nc5 34.
Na5 Rb1+ 35. Rxb1 Rxb1+ 36. Kh2 f4 37. Nc4 Rc1 38. Nb2 Bh4 39. Nd1 Bg3+ 40. Kg1
Ne4 41. Ra2 Nc3 42. Rd2 Kf7 43. Rd3 Na4 44. Kf1 Nc5 45. Rd4 Kf6 46. Ke2 Ke5 47.
Rb4 Rc2+ 48. Kf1 Kf6 49. Rb6 Ke7 50. Rb4 Rd2 51. Rb2 Rd4 52. Nc3 Rc4 53. Ne2
Bh4 54. Rb1 Bf6 55. Rc1 Rb4 56. Nc3 Nd3 57. Rd1 Nb2 58. Re1+ Be5 59. Ne4 Nc4
60. Rc1 Ne3+ 61. Kg1 Nxd5 62. Ng5 Nc3 63. Nxh7 d5 64. Ng5 Kd7 65. Bg4+ Kc6 66.
Nf3 Bf6 67. Kf1 d4 68. Bf5 Kc5 69. Bd3 Rb2 70. Ng1 Rd2 71. Ba6 Kb6 72. Nf3 Ra2
73. Bc4 Rb2 74. Bd3 Kc5 75. Ng1 Rd2 76. Ba6 Kb4 77. Ne2 Bh4 78. Ra1 Kb3 79.
Nxc3 dxc3 80. Bb5 c2 0-1

[Event "XVII Torneo Internacional de Ajedrez "]
[Site "Albacete - ESPAÑA"]
[Date "2009.09.03"]
[Round "5.1"]
[White "Gomez Garrido, Camilo"]
[Black "Guerra Mendez, Jose Angel"]
[Result "1/2-1/2"]
[WhiteElo "2473"]
[BlackElo "2438"]
[PlyCount "30"]
[EventDate "2009.09.01"]

1. e4 e5 2. Nf3 Nc6 3. Bc4 Bc5 4. c3 Nf6 5. O-O d6 6. d3 O-O 7. Bb3 a6 8. Nbd2
Ba7 9. Nc4 h6 10. Be3 Be6 11. Bxa7 Rxa7 12. Ne3 d5 13. exd5 Nxd5 14. Nxd5 Bxd5
15. Qe2 Bxf3 1/2-1/2

[Event "XVII Torneo Internacional de Ajedrez "]
[Site "Albacete - ESPAÑA"]
[Date "2009.09.03"]
[Round "5.2"]
[White "Mirzoev, Azer"]
[Black "Pogorelov, Ruslan"]
[Result "1/2-1/2"]
[WhiteElo "2584"]
[BlackElo "2477"]
[PlyCount "30"]
[EventDate "2009.09.01"]

1. Nf3 Nf6 2. d4 e6 3. g3 b6 4. Bg2 Bb7 5. O-O Be7 6. c4 O-O 7. Nc3 Ne4 8. Nxe4
Bxe4 9. Ne1 Bxg2 10. Nxg2 d5 11. Qa4 dxc4 12. Qxc4 c5 13. Be3 cxd4 14. Qxd4
Qxd4 15. Bxd4 Nc6 1/2-1/2

[Event "XVII Torneo Internacional de Ajedrez "]
[Site "Albacete - ESPAÑA"]
[Date "2009.09.03"]
[Round "5.3"]
[White "Hernandez Carmenates, Holden"]
[Black "Espinosa Aranda, Angel"]
[Result "1-0"]
[WhiteElo "2561"]
[BlackElo "2356"]
[PlyCount "69"]
[EventDate "2009.09.01"]

1. d4 d5 2. c4 c6 3. Nf3 Nf6 4. e3 e6 5. Nbd2 c5 6. cxd5 exd5 7. b3 Nc6 8. Bb5
Be7 9. O-O O-O 10. Bb2 Bd7 11. Bxc6 bxc6 12. Ba3 cxd4 13. Bxe7 Qxe7 14. exd4 c5
15. Re1 Be6 16. Ne5 Rac8 17. dxc5 Qxc5 18. Ndf3 Ne4 19. Qd4 a5 20. Qxc5 Rxc5
21. Nd4 Rfc8 22. Kf1 Rc3 23. Ke2 f6 24. Nd3 Bf7 25. f3 Nd6 26. Kd2 Bg6 27. Nf4
Nf5 28. Nfe2 Nxd4 29. Nxc3 Nc2 30. Rac1 Nxe1 31. Kxe1 Kf7 32. Kd2 Ke6 33. Ke3
a4 34. Ne2 d4+ 35. Nxd4+ 1-0

[Event "XVII Torneo Internacional de Ajedrez "]
[Site "Albacete - ESPAÑA"]
[Date "2009.09.03"]
[Round "5.4"]
[White "Hoffman, Alejandro"]
[Black "Rivas Pastor, Manuel"]
[Result "1/2-1/2"]
[WhiteElo "2408"]
[BlackElo "2529"]
[PlyCount "104"]
[EventDate "2009.09.01"]

1. Nf3 Nf6 2. c4 b6 3. d4 e6 4. e3 Bb7 5. Bd3 g6 6. Nc3 d5 7. O-O Bg7 8. cxd5
exd5 9. Qa4+ Nbd7 10. Ba6 Bxa6 11. Qxa6 c6 12. Bd2 O-O 13. Rac1 Qc8 14. Qxc8
Rfxc8 15. Rc2 c5 16. Rfc1 cxd4 17. Nxd4 Nc5 18. b4 Nd3 19. Nxd5 Rxc2 20. Nxf6+
Bxf6 21. Rxc2 a5 22. bxa5 bxa5 23. a4 Rb8 24. Kf1 Nb2 25. Nc6 Rd8 26. Bxa5 Nxa4
27. Bb4 Nb6 28. e4 h5 29. Ke2 Re8 30. f3 Nd5 31. Bd2 Nc7 32. Na7 Ne6 33. Rc8
Rxc8 34. Nxc8 Be5 35. h3 f6 36. Ne7+ Kf7 37. Nd5 g5 38. Kd3 h4 39. Kc4 Nf8 40.
Bc3 Bxc3 41. Kxc3 Ng6 42. Kd4 Ke6 43. Ke3 Ke5 44. Nb4 Ke6 45. Nd3 Ne5 46. f4
gxf4+ 47. Nxf4+ Kf7 48. Nd3 Nxd3 49. Kxd3 Ke6 50. Kd4 Kd6 51. Ke3 Ke5 52. Kf3
f5 1/2-1/2

[Event "XVII Torneo Internacional de Ajedrez "]
[Site "Albacete - ESPAÑA"]
[Date "2009.09.03"]
[Round "5.5"]
[White "Ortiz Suarez, Isan Reynaldo"]
[Black "Dolezal, Cristian"]
[Result "1-0"]
[WhiteElo "2517"]
[BlackElo "2403"]
[PlyCount "97"]
[EventDate "2009.09.01"]

1. d4 e6 2. c4 Bb4+ 3. Nc3 c5 4. Nf3 d6 5. g3 Nc6 6. Bg2 Bxc3+ 7. bxc3 Nge7 8.
dxc5 dxc5 9. Qxd8+ Nxd8 10. Ne5 Bd7 11. Rb1 Nec6 12. Nxc6 Bxc6 13. Bxc6+ Nxc6
14. Rxb7 O-O 15. Rb5 Rfc8 16. Rxc5 Nd8 17. Be3 Rxc5 18. Bxc5 Rc8 19. Be7 Nc6
20. Bd6 Na5 21. c5 Nb7 22. Kd2 Nxc5 23. Bxc5 Rxc5 24. Rb1 g5 25. a4 Ra5 26. Rb4
Kg7 27. h4 h6 28. hxg5 hxg5 29. e4 f5 30. exf5 exf5 31. Kd3 Kf6 32. c4 g4 33.
Kd4 Re5 34. Rb2 Ke6 35. Rb8 Ra5 36. Re8+ Kf6 37. Re2 Rxa4 38. Kd5 Ra1 39. c5
Rd1+ 40. Kc6 Rc1 41. Kd6 a5 42. Rd2 Kf7 43. c6 Ke8 44. c7 a4 45. Rb2 Rd1+ 46.
Kc6 Rc1+ 47. Kb7 a3 48. Re2+ Kd7 49. Rd2+ 1-0

[Event "XVII Torneo Internacional de Ajedrez "]
[Site "Albacete - ESPAÑA"]
[Date "2009.09.03"]
[Round "5.6"]
[White "Kovacevic, Slobodan"]
[Black "Pozo Vera, Sandro"]
[Result "1/2-1/2"]
[WhiteElo "2380"]
[BlackElo "2464"]
[PlyCount "48"]
[EventDate "2009.09.01"]

1. d4 d5 2. Bf4 e6 3. e3 c5 4. c3 Nc6 5. Nf3 Bd6 6. Bg3 Nf6 7. Nbd2 O-O 8. Bd3
Qe7 9. Ne5 Bxe5 10. dxe5 Nd7 11. Nf3 f5 12. exf6 Nxf6 13. Ne5 Nxe5 14. Bxe5 b6
15. O-O Bb7 16. Qe2 Rad8 17. Rad1 Nd7 18. Bg3 e5 19. c4 d4 20. exd4 cxd4 21.
Rfe1 Rde8 22. f3 Qg5 23. a4 Nf6 24. Qc2 Qh5 1/2-1/2

[Event "XVII Torneo Internacional de Ajedrez "]
[Site "Albacete - ESPAÑA"]
[Date "2009.09.03"]
[Round "5.7"]
[White "Fernandez Romero, Ernesto"]
[Black "Cano Sanchez, Josue"]
[Result "1/2-1/2"]
[WhiteElo "2457"]
[BlackElo "2308"]
[PlyCount "25"]
[EventDate "2009.09.01"]

1. e4 d6 2. d4 Nf6 3. Nc3 e5 4. Nge2 c6 5. f3 Be7 6. Be3 Nbd7 7. Qd2 O-O 8. g4
Nb6 9. Ng3 exd4 10. Bxd4 d5 11. O-O-O dxe4 12. Ngxe4 Nxe4 13. Nxe4 1/2-1/2